IEP Lyon - CF Vie politique française (1) - Statistiques

Statistiques générales
  • Ce quiz a été pris 40 fois
  • Le résultat moyen est 23 sur 34
Statistiques - réponses
Question Réponse % Correct
La vie politique peut donc être définie comme l’ensemble des activités, le plus souvent
concurrentielles, pour représenter des groupes sociaux, exercer le ... ou influer sur
lui, afin de participer aux décisions appliquées à la collectivité
pouvoir
95%
Depuis la Révolution française, expérimentation lente et chaotique de la « méthode ... » ("le système institutionnel, aboutissant à des décisions politiques, dans lequel des individus acquièrent le pouvoir de statuer sur ces décisions à l’issue d’une lutte concurrentielle portant sur les votes du peuple" (J. Schumpeter) démocratique
91%
1877-... : 1ère période ordinaire Domination électorale des Républicains sur les droites monarchistes, à partir de 1877 et
confirmée aux élections de 1881, 1885 et 1889.
Même la crise boulangiste ne permet pas à la droite de renverser le régime
1893
86%
1902-1936 : 2ème période ordinaire Domination politique du parti ..., parti pivot de la IIIème République A droite, efforts de structuration organisationnelle :Alliance libérale populaire (1902)/ Fédération républicaine (1903)/ Alliance républicaine démocratique (1901)
Emiettement parlementaire mais au pouvoir pendant le Bloc national (1919-1924)
Ligues d’extrême droite (Action française en 1898; et développement dans l’entre deux guerres: Croix de Feu,..cf. le 6 février 1934) A gauche: création de la SFIO (1905) et du PCF (1920), lors du Congrès de Tours
radical
86%
1936-.... : 3ème réalignement Elections de 1936 considérées comme des élections de rupture:
- Montée en puissance du Parti Communiste et pour la 1ère fois intégré dans
l’alliance à gauche: l’expérience du Front Populaire
- Fin de la domination parlementaire du parti radical sur la gauche.
Parti radical bascule à droite
1947
82%
• Mitterrand conquiert le PS, lors du Congrès d’Epinay sur Seine, en juin ..., avec la stratégie d’alliance avec le PC • 1972 : programme commun d’union de la gauche, entre socialistes, radicaux de gauche et communistes. Programme de « rupture ». Jusqu’en 1977 Existence difficile d’un centre dans ce contexte (par ex Lecanuet en 1965) 1971
82%
- Bipolarisation croissante de la compétition politique - Persistance de la domination des ... sur la gauche (domination qui empêche l'alternance et permet à la droite de rester durablement au pouvoir) communistes
82%
La seconde partie du XIXe siècle = le moment de politisation massif, et notamment des campagnes. --> La société s’homogénéise et se républicanise - La « politisation par ... » (M.Agulhon) - La « politisation par implication » (E.Weber) imprégnation
82%
- spécialisation : phénomène de ... lors de l'imposition progressive du régime républicain professionnalisation
82%
La théorie des ... est une théorie de science politique qui s’intéresse aux transformations brutales et durables des rapports de force électoraux. Développée aux Etats-Unis dans les années 1950 (Key, 1955, 1959), et appliquée en France notamment par Pierre Martin. réalignements
82%
Et le retour progressif de la ... au pouvoir (en 1951, la SFIO quitte la coalition) --> Période de tensions internes (conflits sociaux en 1953 et 1954) et externes (ex : décolonisation) droite
77%
1870-1877 : 1ère phase de ... Proclamation de la République en septembre 1870, avec un Gouvernement provisoire Victoire électorale des droites monarchistes en 1871 mais incapacité à organiser le retour à la monarchie Dissolution de 1877. Victoire des Républicains et établissement définitif de la forme républicaine réalignement
77%
[réponse précédente]-1902 : 2ème phase de réalignement Redéfinition de l’opposition droite/gauche à travers de nouveaux enjeux et de
nouvelles alliances électorales.
Opposition droite monarchiste/Républicains peu à peu remplacée par opposition
républicains modérés/républicains radicaux
Percée des ... en 1893 et importance de la question ouvrière
Anticléricalisme cf. la loi de 1905 séparation Eglise / Etat
socialistes
77%
Année de création du PS (rassemblent les différents partis et clubs) 1969
73%
Comment constituer un gouvernement sous la IVème République ?- Le PR désigne officiellement un homme politique pour former un gouvernement - Investiture par l’AN qui requiert un vote à la majorité ... - Le nouveau Président du Conseil constitue une équipe ministérielle et revient à l’AN pour une seconde investiture (tradition héritée de la IIIème République) absolue
73%
1958-1962 : 4ème réalignement D’une période d’instabilité gouvernementale et parlementaire à la mise en place d’un ordre politique stabilisé et présidentialiste
- Retour au pouvoir du général De Gaulle, suite à la crise algérienne
- Intense débat sur les nouvelles institutions: division sur la nature du régime, parlementaire ou présidentielle
Vème République, conformément aux idées de De Gaulle
• Renforcement de l'...
• Parlementarisme encadré
• Emergence du Conseil constitutionnel
exécutif
73%
Retour de la vie politique en 1945 : - Renouvellement électoral car 3/5 des électeurs n'ont jamais voté. Le droit de vote est accordé aux ... (ordonnance du 21 avril 1944) - Les transformations partisanes
Effondrement des forces de ..., compromises sous Vichy et des radicaux, trop liés à la
IIIème République
Les nouveaux partis issus de la Résistance: UDSR (1945) et MRP (1944)
Les anciens partis, qui gagnent en adhésions : SFIO et PCF (Décembre 1945: + de 785 000 adhérents) (écrire les deux mots dans l'ordre)
femmes droite
73%
Avant 1962 : élection du président au suffrage universel ... par un collège comprenant environ 80k grands électeurs, composé des parlementaires (députés et sénateurs), des conseillers généraux et d'élus municipaux. indirect
73%
- Instabilité gouvernementale (aucune coalition ne parvient à s’installer de manière durable au pouvoir) : ... gouvernements entre 1946 et 1958 (donner le nombre) Avènement des gouvernements de coalition: la Troisième force de 1947 à 1951 et le retour progressif de la droite au pouvoir (en 1951, la SFIO quitte la coalition) 22
68%
Selon cette théorie, on peut analyser l’histoire politique des démocraties représentatives
comme une succession de périodes de politiques ... entrecoupées par des
phases de réalignement (défini comme une « reconfiguration large et durable des structures de la compétition politique résultant d’une modification des enjeux dominant l’affrontement entre les partis » (Gougou, Martin, 2012, p.122)
ordinaire
68%
Cette théorie permet de rendre compte des changements sur 3 plans : - électoral : comment les électorats votent-ils en fonction des grandes catégories d'appartenance ? - ... : comment est structuré l'espace ... ? quels sont les partis politiques qui comptent ? - des enjeux (qui structurent le débat et l'espace politique et qui différencient les prises de position des parti) partisan
68%
1962 : ... pour l'élection au suffrage universel direct. Consécration de l’esprit de la Vème République: « la rencontre d’un homme et d’un peuple » Raz de marée gaulliste lors des législatives de 1962 referendum
68%
Sociologie politique : « l’étude des ... de la vie politique (institutions, partis, groupes d’intérêt, personnel politique, forces sociales), l’analyse des élections, des processus de socialisation, de communication et d’action collective et des modes de construction des idéologies et des univers de représentations symboliques » (Ph. Braud acteurs
64%
La restauration républicaine: quelle forme institutionnelle ?
Débats autour de la ...:
De Gaulle : essence du pouvoir exercée par le président de la République
SFIO et PC: régime monocaméral et pouvoir du parlement
MRP: régime bicaméral mais contre les dérives de « pouvoir personnel »
2ème projet constitutionnel adopté par les 3 partis: régime bicaméral et parlementaire
Opposition de De Gaulle, cf. son discours de Bayeux
constitution
64%
La sphère politique renvoie à des activités politiques spécialisées dans une société donnée, et à des agents spécialisés. 2 éléments importants : - automatisation : processus de construction des centres politiques (vs régime féodal) et développement de la ... bureaucratie
59%
1947-1958 : 3ème période ordinaire - Importance du ... et du ... qui structurent la vie politique (notamment dans leur opposition au régime)RPF créé en 1947 par De Gaulle 1947: le PCF quitte le gouvernement, c’est la fin du tripartisme D’une politique de reconstruction à une stratégie d’opposition (écrire un des deux mots) communisme / gaullisme
59%
1962-1981 : 4ème période ordinaire - Présidentialisation du régime (les oppositions au régime s’estompent et la présidentialisation est en place) - Reconstruction progressive de l’opposition droite / gauche qui recoupe à partir des années 1970 l’opposition majorité / opposition Le ... devient le camp majoritaire de droite gaullisme
59%
La compétition politique se ... durablement à partir de 1870 (Mais pas de changement brutal : Coalition d’Ordre moral dominante au début de la IIIe; Crise de 1877 sur la conception des institutions; Victoires électorales progressives des républicains et ancrage du régime) pacifie
59%
La gauche s’engage dans une stratégie d’... depuis les années 1960: • Création de la FGDS (Fédération de la Gauche Démocrate et Socialiste), en 1965 avec François Mitterrand comme candidat à la présidentielle union
59%
Processus de ... : « une requalification des activités sociales les plus diverses, requalification qui résulte d'un accord pratique entre des agents sociaux enclins, pour de multiples raisons, à transgresser ou à remettre en cause la différenciation des espaces d'activités » (Lagroye, La ..., 2003, p.360) (deux fois le même mot) politisation
55%
Consolidation des institutions La chute de De Gaulle (1969 suite aux événements de mai 68 et au referendum) n’entraîne pas de remise en cause des institutions et du système politique de la Vème République
Georges Pompidou: la figure du successeur, mandat de 1969 à 1974
Valéry Giscard d’Estaing: le « changement dans la ... », mandat de 1974 à 1981, de centre droit.
continuité
45%
L’avènement de la démocratie électorale moderne: - Extension du droit de suffrage (1848-1944) - Nationalisation de la vie politique (et des partis politiques) - Spécialisation de l’activité électorale - Individualisation du comportement électoral (ex de l’isoloir) - Pacification de la vie politique, moins de recours à la violence --> ... de la politique massification
32%
- Structuration partisane par la ... bipolaire, dès la fin des années 1970
À gauche: le PS et le PCF
et à droite: le RPR (créé en 1976) et l’UDF (en 1978) - Une période émaillée de crises: mai 1968, la crise économique
quadrille
32%
Aux législatives qui suivent, victoire de l'... et du ... (donner les acronymes) UNR / CNIP
9%
Aucun quiz correspondant
Distribution des résultats
% des personnes avec chaque résultat
Percentile par nombre de réponses
Votre historique - résultats
Vous n’avez pas pris ce quiz